Harry Potter: le Sac en Perles de Hermione - Statistiques

Statistiques générales
  • Ce quiz a été pris 114 fois
  • Le résultat moyen est 8 sur 19
Statistiques - réponses
Information Réponses % Correct
Première apparition Harry Potter et les Reliques de la Mort
96%
Dernière apparition Harry Potter et les Reliques de la Mort
96%
Propriétaire Hermione Granger
96%
Objet contenu Livres
69%
Objet contenu Vêtements de Moldus
67%
Objet contenu Vêtements de sorciers
67%
Objet contenu Tente de Perkins
55%
Potion contenue Essence de dictame
38%
Potion contenue Polynectar
33%
Objet contenu Médaillon de Serpentard
32%
Objet contenu Epée de Gryffondor
29%
Sortilège subit Sortilège d'extension indétectable
22%
Objet contenu Cape d'invisibilité
19%
Objet contenu Portrait de Phineas Black
18%
Objet contenu Oreilles à rallonge
6%
Friandise contenue Pastilles de Gerbe
6%
Objet contenu Leurres explosifs
5%
Objet contenu Album photo de Harry
4%
Friandise contenue Nougats Néansang
4%
Aucun quiz correspondant
Distribution des résultats
% des personnes avec chaque résultat
Percentile par nombre de réponses
Votre historique - résultats
Vous n’avez pas pris ce quiz